Online
Catalog

Del espíritu de las leyes / (Record no. 19788)

MARC details
000 -CABECERA
campo de control de longitud fija 00608nam a2200193 u 4500
001 - NÚMERO DE CONTROL
campo de control 000020284
003 - IDENTIFICADOR DEL NÚMERO DE CONTROL
campo de control DO-SdBNP
005 - FECHA Y HORA DE LA ÚLTIMA TRANSACCIÓN
campo de control 20240305101036.0
008 - DATOS DE LONGITUD FIJA--INFORMACIÓN GENERAL
campo de control de longitud fija 100813s1926 fr 000 0 spa d
020 ## - NÚMERO INTERNACIONAL ESTÁNDAR DEL LIBRO
Número Internacional Estándar del Libro 9580427488
040 ## - FUENTE DE LA CATALOGACIÓN
Centro catalogador/agencia de origen DO-SdBNP
Lengua de catalogación spa
Centro/agencia transcriptor BNPHU
082 ## - NÚMERO DE LA CLASIFICACIÓN DECIMAL DEWEY
Número de clasificación xxxxxxxx
Número de documento/Ítem xxxxxxxx
100 1# - ENTRADA PRINCIPAL--NOMBRE DE PERSONA
Nombre de persona Montesquieu, Charles de Secondat,
Títulos y otros términos asociados al nombre baron de,
Fechas asociadas al nombre 1689-1755
9 (RLIN) 42917
245 10 - MENCIÓN DE TÍTULO
Título Del espíritu de las leyes /
Mención de responsabilidad, etc. Montesquieu.
260 ## - PUBLICACIÓN, DISTRIBUCIÓN, ETC.
Lugar de publicación, distribución, etc. París, :
Nombre del editor, distribuidor, etc. Garnier Hermanos,
Fecha de publicación, distribución, etc. 1926.
300 ## - DESCRIPCIÓN FÍSICA
Extensión v. ;
Dimensiones 18 cm.
500 ## - NOTA GENERAL
Nota general Incluye referencias bibliográficas y notas al pie de las páginas
942 ## - ELEMENTOS DE PUNTO DE ACCESO ADICIONAL (KOHA)
Fuente del sistema de clasificación o colocación Dewey Decimal Classification
Tipo de ítem Koha Libro
Holdings
Estado de retiro Estado de pérdida Restricciones de uso No para préstamo Código de colección Localización permanente Ubicación/localización actual Ubicación en estantería Fecha de adquisición Número de inventario Total de préstamos Signatura topográfica completa Código de barras Fecha visto por última vez Precio válido a partir de Tipo de ítem Koha
      Excluido de préstamo Monografías: Libros y Folletos General General Depósito 05.05.2017 LF1   v. 1 20284-10 25.06.2020 25.06.2020 No se presta
      Excluido de préstamo Monografías: Libros y Folletos General General Depósito 15.05.2017 LF1   v. 2 20284-20 25.06.2020 25.06.2020 No se presta
      Excluido de préstamo Monografías: Libros y Folletos General General Depósito 15.05.2017 LF1   v. 2, e. 2 20284-30 25.06.2020 25.06.2020 No se presta

Powered by Koha